000 00454 a2200145 4500
999 _c8239
_d8239
020 _a9789380995694
050 _aPN 4775 DIX 2013
100 _aDixit, Manoj
_eauthor
245 _aModern journalism and public relations /
_cManoj Dixit
264 _aNew Delhi :
_bEnkay Publishing House,
_c2013
300 _a264p.:
500 _aIncludes bibliographical references and index
650 _aJournalism and public relations
942 _2lcc
_cBK
_h4775
_iDIX
_kPN